Munkaközösség alakult a Szegedi Kenderfonó jubileumának előkészítésére az Újszegedi Kenderben is készülődnek a nagy évfordulóra

Elmentve itt :
Bibliográfiai részletek
Dokumentumtípus: Cikk
Megjelent: 1958-02-11
Sorozat:Délmagyarország
Kulcsszavak:Emlékünnepség évforduló kenderfonó 1958
Online Access:http://dmarchiv.bibl.u-szeged.hu/53610
LEADER 00536nab a2200145 i 4500
001 delm53610
005 20180927141919.0
008 180927s1958 hu o 0|| hun d
040 |a SZTE Délmagyarország Archívum  |b hun 
041 |a hun 
245 0 0 |a Munkaközösség alakult a Szegedi Kenderfonó jubileumának előkészítésére   |h [elektronikus dokumentum] :  |b az Újszegedi Kenderben is készülődnek a nagy évfordulóra 
260 |c 1958-02-11 
300 |a 1 
490 0 |a Délmagyarország 
695 |a Emlékünnepség évforduló kenderfonó 1958